Pedocriminalité: le secret n'est pas le silence (Record n. 358964)

Dettagli MARC
000 -LEADER
campo di controllo lung. fissa 00626nam a22002417a 4500
003 - Identificatore del numero di controllo
campo di controllo IT-MiCISF
005 - Data e orario dell'ultima transazione
campo di controllo 20201005154201.0
008 - Elementi di lunghezza fissa--Informazione generale
campo di controllo lung. fissa 201005b ||||| |||| 00| 0 eng d
040 ## - Fonte della catalogazione
Agenzia che fa la trascrizione IT-MiCISF
041 ## - Codice di lingua
Codice di lingua del testo/traccia sonora o titolo separato fr
100 ## - Accesso principale -- nome di persona
Nome di persona Poussier Thomas
9 (RLIN) 58567
210 ## - Titolo abbreviato
Titolo abbreviato Nouvelle revue teologiques
222 ## - Titolo chiave
Titolo chiave 00294845
245 ## - Formulazione del titolo
Titolo Pedocriminalité: le secret n'est pas le silence
260 ## - Pubblicazione, distribuzione, ecc. (stampa)
Data di pubblicazione, distribuzione, ecc. 2020
300 ## - Descrizione fisica
Estensione pp. 250-268
310 ## - Periodicità corrente della pubblicazione
Periodicità corrente della pubblicazione trimestrale
362 ## - Date della pubblicazione e/o designazione sequenziale
Date della pubblicazione e/o designazione sequenziale n. 2
500 ## - Nota generale
Nota generale abuso-di-minoremaltrattamenti-violend
650 ## - Accesso aggiunto di soggetto--termine topico
Termine topico o nome geografico come accesso maltrattamenti-violenza
9 (RLIN) 56175
654 ## - Accesso aggiunto di soggetto--termini topici faccettati
Termine principale articolo
942 ## - Dati aggiuntivi (Koha)
Fonte della classificazione o dello schema di collocazione (segnatura) Dewey Decimal Classification
Tipo copia default (Koha) RIVISTA
Dati di copia
Ritirato (status) Perso (status) Fonte della classificazione o dello schema di collocazione (segnatura) Danneggiato (status) Non per il presito Biblioteca proprietaria Biblioteca in cui si trova Data d'acquisizione Totale prestiti Collocazione Data ultima operazione Prezzo in vigore dal Tipo copia default (Koha)
    Dewey Decimal Classification Buone Condizioni Not For Loan CISF - Milano CISF - Milano 05/10/2020   A10/R151 05/10/2020 05/10/2020 RIVISTA
CREDITS: SOCIETA' SAN PAOLO Via A.Severo, 58 - ROMA (RM) & PERIODICI SAN PAOLO SRL Via Giotto, 36 MILANO & CISF Via Giotto, 36 MILANO & EDIZIONI SAN PAOLO SRL,  Piazza Soncino, 5 CINISELLO BALSAMO (MI) -- ITALY